00816cam a2200277 450000100060000001000150000602100140002109000100003510000410004510100080008610200070009420000960010120500130019721000390021021500220024930400550027167500100032667500100033667500190034670000180036570200260038370200350040980100120044499000110045699500710046746182 a9728683030 b178017/02 a46182 a20020827d2002 ma y0pory5003 ba1 apor aPT1 aQuero falar-te dos meus sentimentosfMamoru Itohgil. Hiromi Isogawagtrad. Gabriela Morais a2.ª ed. 9aPero PinheirocEntre Letras,d2002 a76 p.cil.d16 cm aTít. orig.: I want to tell you about my feelings a159.9 a087.5 a821.521-84"20" 1aItoh,bMamoru 1aIsogawa,bHiromi4440 1aMorais,bGabriela,f1942-4730 aPTgRPC cLIVROS 10978231bBCERcBCERf83069k159.9 ITO PSIC. - SENTIM.So0rLIVROS